000 00269nam a2200109Ia 4500
008 220120s9999||||xx |||||||||||||| ||und||
082 _a005.1 BAL
100 _aTanenbaum, Andrew
_911445
245 0 _aComputer networks
300 _b0
650 _aARTIFICIAL INTELLIGENCE
999 _c136704
_d136704